| 000 | 00555nam a2200181Ia 4500 | ||
|---|---|---|---|
| 003 | GCL | ||
| 008 | 140319s9999 xx 000 0 ara d | ||
| 040 |
_aGCL / _cGCL |
||
| 082 | 0 | 4 |
_a823 _bم ج |
| 100 | 1 | _aمحمد عيد ابراهيم (ترجمة) | |
| 245 | 1 | 0 |
_aجاز / _cمحمد عيد ابراهيم (ترجمة) |
| 700 | 1 | _aموريسون, تونى | |
| 300 | _a159 ص | ||
| 490 |
_aعيون الادب الاجنبى _v0 |
||
| 650 | 0 | 4 | _aالادب الامريكى |
| 650 | 0 | 4 | _aالادب الامريكى المترجم |
| 942 |
_2ddc _cBK |
||
| 999 |
_c38083 _d38083 |
||